Top 5 Songs On Three Dollar Bill, Yall $ (Limp Bizkit) - Statistics

General Stats
  • This quiz has been taken 21 times
  • The average score is 3 of 5
Answer Stats
Hint Answer % Correct
68,445,401 Faith
100%
9,373,649 Pollution
82%
3,959,421 Sour
71%
7,151,576 Stuck
71%
10,739,696 Coutnerfeit
0%
No matching quizzes found
Score Distribution
Percent of People with Each Score
Percentile by Number Answered
Your Score History
You have not taken this quiz